000 00693nam a22002057a 4500
005 20251108173317.0
008 250721s9999 xx 000 0 ara d
082 1 4 _a913/واد/ط
100 1 _aالوادي، أحمد صلاح
245 1 0 _aسلسلة واحة المعرفة (5) : دول وعواصم ومدن: أشئلة و أجوبة /
264 1 _aعمان :
_bدار الاخوة للنشر والتوزيع،
300 _a94ص
490 0 _aواحة المعرفة
_v5
650 1 7 _aالأسئلة والاجوبة
650 1 7 _aاسماء الأماكن
650 1 7 _aالمدن
653 _aناشئون كبار (15-18 سنة )
942 _2ddc
_cBK
999 _c100932
_d100932